|
|
|
|
| LEADER |
01906nam a2200445 i 4500 |
| 001 |
EBC4535115 |
| 003 |
MiAaPQ |
| 005 |
20200520144314.0 |
| 006 |
m o d | |
| 007 |
cr cnu|||||||| |
| 008 |
160621t20162016enk ob 001 0 eng d |
| 020 |
|
|
|z 9781443886871
|
| 020 |
|
|
|a 9781443888523
|q (electronic bk.)
|
| 035 |
|
|
|a (MiAaPQ)EBC4535115
|
| 035 |
|
|
|a (Au-PeEL)EBL4535115
|
| 035 |
|
|
|a (CaPaEBR)ebr11216117
|
| 035 |
|
|
|a (CaONFJC)MIL896084
|
| 035 |
|
|
|a (OCoLC)938788295
|
| 040 |
|
|
|a MiAaPQ
|b eng
|e rda
|e pn
|c MiAaPQ
|d MiAaPQ
|
| 043 |
|
|
|a aw-----
|
| 050 |
|
4 |
|a HD9502.A2
|b .I587 2016
|
| 082 |
0 |
|
|a 333.79
|2 23
|
| 245 |
0 |
0 |
|a Intractable dilemmas in the energy-rich Eastern Mediterranean /
|c edited by Aris Petasis.
|
| 264 |
|
1 |
|a Newcastle upon Tyne, England :
|b Cambridge Scholars Publishing,
|c 2016.
|
| 264 |
|
4 |
|c 2016
|
| 300 |
|
|
|a 1 online resource (308 pages)
|
| 336 |
|
|
|a text
|2 rdacontent
|
| 337 |
|
|
|a computer
|2 rdamedia
|
| 338 |
|
|
|a online resource
|2 rdacarrier
|
| 504 |
|
|
|a Includes bibliographical references at the end of each chapters and index.
|
| 588 |
|
|
|a Description based on online resource; title from PDF title page (ebrary, viewed June 17, 2016).
|
| 590 |
|
|
|a Electronic reproduction. Ann Arbor, MI : ProQuest, 2016. Available via World Wide Web. Access may be limited to ProQuest affiliated libraries.
|
| 650 |
|
0 |
|a Energy policy
|z Middle East.
|
| 650 |
|
0 |
|a Power resources
|z Middle East.
|
| 650 |
|
0 |
|a Intergovernmental cooperation
|z Middle East.
|
| 651 |
|
0 |
|a Middle East
|x Economic conditions.
|
| 655 |
|
4 |
|a Electronic books.
|
| 776 |
0 |
8 |
|i Print version:
|t Intractable dilemmas in the energy-rich Eastern Mediterranean.
|d Newcastle upon Tyne, England : Cambridge Scholars Publishing, c2016
|h xxi, 286 pages
|z 9781443886871
|
| 797 |
2 |
|
|a ProQuest (Firm)
|
| 856 |
4 |
0 |
|u https://ebookcentral.proquest.com/lib/matrademy/detail.action?docID=4535115
|z Click to View
|